000 00488nam a2200181 i 4500
001 bg
100 1 _aGuz, Eugeniusz.
245 0 _aPola temperatury w ciałach stałych /
_cEugeniusz Guz, Edward Kącki.
260 _aWarszawa :
_bPWN,
_c1967.
650 9 _aPrzewodnictwo cieplne
650 9 _aTermodynamika techniczna
_xpomiary
700 1 _aKącki, Edward
_d(1925- ).
040 _cBPK
041 _apol
080 _a536
942 _cKS
008 950505s1967 pl f |000 0 pol
999 _c7214
_d7214
856 _uhttp://koha.tu.koszalin.pl/cgi-bin/koha/opac-detail.pl?biblionumber=7214
_yKatalog online BPK